000 00703nam a2200229 a 4500
001 68085
003 BD-RjUL
005 20211209081729.0
008 170330s1980 us a|||| b||| 001 0 eng d
020 _a0534006981 :
035 _a(BD-RjUL)68294
040 _aBD-RjUL
_beng
_cBD-RjUL
_dBD-RjUL
041 _aeng
082 _223
_a153.15
_bSWT 1980
100 _aSwenson, Leland C.
_9201836
245 _aTheories of learning :
_btraditional perspectives/contemporary developments /
_cLeland C. Swenson
260 _aBelmont, Calif. :
_bWadsworth,
_c1980.
300 _axiii, 473 p. :
_bill. ;
_c24 cm.
504 _aInclude Bibliography and Index.
650 _aLearning
_9201837
942 _2ddc
_cBK
999 _c68085
_d68085